[Event "Tournoi francophone 006 Groupe C"]
[Site "Skype"]
[Date "????.??.??"]
[Round "1.1"]
[White "Malbec, Robert"]
[Black "Tamditi, Ibrahim"]
[Result "1-0"]
[WhiteElo "1458"]
[BlackElo "1434"]
[PlyCount "89"]

1. e4 e5 2. Nf3 Nc6 3. Bc4 d6 4. d3 Bd7 5. Ng5 Nh6 6. Nf3 Ng8 7. Bg5 Be7 8. Be3
h6 9. Nc3 Nf6 10. O-O O-O 11. h3 a6 12. a3 b5 13. Ba2 Qc8 14. Nd5 Be6 15. Nxe7+
Nxe7 16. Bxe6 Qxe6 17. Qd2 c6 18. b4 d5 19. Bc5 dxe4 20. Bxe7 Qxe7 21. dxe4
Nxe4 22. Qe3 f5 23. Rac1 Rad8 24. Rfd1 Rd5 25. Re1 Kh7 26. Qb6 Qe6 27. Qxa6 Rc8
28. Qb6 Nc3 29. Qe3 Ne4 30. Qb3 c5 31. bxc5 Nxc5 32. Qb2 e4 33. Nd4 Qe5 34.
Rcd1 Ne6 35. c3 Nxd4 36. cxd4 Qd6 37. Re3 Rc4 38. g3 Rcxd4 39. Rxd4 Rxd4 40.
Qxb5 Rd1+ 41. Kg2 Rd2 42. Qxf5+ g6 43. Qxe4 Qf6 44. Qe7+ Qxe7 45. Rxe7+ 1-0

[Event "Tournoi francophone 006 Groupe C"]
[Site "Skype"]
[Date "????.??.??"]
[Round "1.2"]
[White "Porchon, David"]
[Black "Le Brun, Yves"]
[Result "1-0"]
[WhiteElo "1385"]
[BlackElo "1408"]
[PlyCount "47"]

1. d4 Nf6 2. Bf4 d6 3. Nc3 a6 4. e4 Nc6 5. Nf3 Bg4 6. Be2 h6 7. Qd2 Bxf3 8.
Bxf3 e5 9. Be3 Be7 10. d5 Nb8 11. O-O-O Nbd7 12. h4 Nb6 13. Be2 Qd7 14. f3 Na4
15. g4 Nxc3 16. Qxc3 Bd8 17. Rdg1 Nh7 18. g5 h5 19. f4 Nf8 20. fxe5 Qe7 21.
exd6 Qxe4 22. Re1 cxd6 23. Bd4 Qxe2 24. Rxe2+ 1-0

[Event "Tournoi francophone 006 Groupe C"]
[Site "Skype"]
[Date "????.??.??"]
[Round "1.3"]
[White "Duthoit, Bernard"]
[Black "Briere, Jean"]
[Result "1/2-1/2"]
[WhiteElo "1466"]
[BlackElo "1383"]
[PlyCount "99"]

1. e4 e5 2. Nf3 Nc6 3. Bc4 Nf6 4. Nc3 Bc5 5. O-O d6 6. d3 O-O 7. h3 Be6 8. Bxe6
fxe6 9. a3 Nd4 10. Nxd4 Bxd4 11. Qe1 d5 12. exd5 exd5 13. Be3 Bxe3 14. fxe3 c6
15. Rd1 d4 16. Ne4 Nxe4 17. Rxf8+ Qxf8 18. dxe4 dxe3 19. Qxe3 b6 20. Qf3 Qc5+
21. Qf2 Qxf2+ 22. Kxf2 Rf8+ 23. Ke3 a5 24. Rd6 Rf6 25. Rxf6 gxf6 26. b4 axb4
27. axb4 b5 28. g4 h6 29. Kd3 Kf7 30. c4 Ke6 31. c5 Kd7 32. Ke3 Ke7 33. Kf3 Kf7
34. Kg3 Kg6 35. Kh4 Kg7 36. Kh5 Kh7 37. h4 Kg7 38. g5 hxg5 39. hxg5 fxg5 40.
Kxg5 Kf7 41. Kf5 Ke7 42. Kxe5 Kd7 43. Kf6 Ke8 44. e5 Kd7 45. e6+ Ke8 46. Ke5
Ke7 47. Kf5 Ke8 48. Kf6 Kf8 49. e7+ Ke8 50. Ke6 1/2-1/2

[Event "Tournoi francophone 006 Groupe C"]
[Site "Skype"]
[Date "????.??.??"]
[Round "1.4"]
[White "Maccaferri, Massimo"]
[Black "Bouffard, Georges"]
[Result "1-0"]
[WhiteElo "1429"]
[BlackElo "1383"]
[PlyCount "121"]

1. e4 Nf6 2. Nc3 c6 3. e5 Nd5 4. d4 d6 5. exd6 exd6 6. Nxd5 cxd5 7. Bb5+ Bd7 8.
Bxd7+ Qxd7 9. Qh5 Nc6 10. Qxd5 Qe7+ 11. Ne2 g6 12. O-O Bg7 13. Re1 O-O 14. Bd2
Qc7 15. a3 Rad8 16. c3 Ne7 17. Qg5 f6 18. Qg3 Nf5 19. Qf3 d5 20. Nf4 Nh4 21.
Qg4 g5 22. Ne6 Qd7 23. Qh5 Ng6 24. Nxd8 Rxd8 25. Re2 Re8 26. Rae1 Rxe2 27. Rxe2
Bf8 28. h4 Nf4 29. Bxf4 gxf4 30. g4 fxg3 31. fxg3 Qb5 32. Re8 Qd3 33. Qg4+ Qg6
34. Qc8 Qb1+ 35. Kh2 Qc2+ 36. Kh3 Kg7 37. Rxf8 Kg6 38. Qe8+ Kf5 39. Qd7+ Ke4
40. Qe6+ Kd3 41. Rxf6 Qd1 42. Qf5+ Kc4 43. Qf1+ Qd3 44. Rf3 Qxf1+ 45. Rxf1 Kd3
46. g4 Ke3 47. g5 Ke4 48. h5 Ke3 49. g6 hxg6 50. hxg6 Ke2 51. Rf5 Kd2 52. g7
Kc2 53. g8=Q Kxb2 54. Qxd5 Kxc3 55. Qxb7 Kxd4 56. Qb4+ Ke3 57. Kg3 a5 58. Rf3+
Ke2 59. Qb2+ Ke1 60. Rf2 Kd1 61. Qb1# 1-0

[Event "Tournoi francophone 006 Groupe C"]
[Site "Skype"]
[Date "????.??.??"]
[Round "1.5"]
[White "Vincent, Andre"]
[Black "Martin, Jean-Claude"]
[Result "0-1"]
[WhiteElo "1355"]
[BlackElo "1474"]
[PlyCount "66"]

1. d4 e5 2. dxe5 Nc6 3. Nf3 Qe7 4. Bf4 Qb4+ 5. Nbd2 Qxf4 6. e3 Qb4 7. Bd3 Qxb2
8. O-O Nxe5 9. Nxe5 Qxe5 10. Nf3 Qh5 11. h4 Bc5 12. Qe2 Ne7 13. Rfe1 h6 14. g3
O-O 15. Rab1 Nd5 16. Rb3 Nb4 17. Ng5 Qxe2 18. Rxe2 hxg5 19. a3 Nxd3 20. Rxd3
gxh4 21. gxh4 d6 22. f4 Re8 23. Kf2 Re4 24. Kg3 Ra4 25. h5 Rxa3 26. Kf3 Rxd3
27. cxd3 b5 28. d4 Bb7+ 29. Kg3 Bb6 30. f5 Rb8 31. Kf2 c5 32. f6 cxd4 33. h6
dxe3+ 0-1

[Event "Tournoi francophone 006 Groupe C"]
[Site "Skype"]
[Date "????.??.??"]
[Round "2.1"]
[White "Tamditi, Ibrahim"]
[Black "Martin, Jean-Claude"]
[Result "0-1"]
[WhiteElo "1434"]
[BlackElo "1474"]
[PlyCount "40"]

1. e4 d5 2. exd5 Qxd5 3. Nc3 Qa5 4. Nf3 Nf6 5. Be2 Bg4 6. Nd4 Qe5 7. Nb3 Bxe2
8. Nxe2 Nc6 9. O-O O-O-O 10. d4 Qf5 11. Re1 Nb4 12. Ng3 Qxc2 13. Qf3 Qg6 14.
Re2 Nc2 15. Nc5 Rd5 16. Qb3 Rxc5 17. dxc5 Nxa1 18. Qa4 Qb1 19. Ne4 Qxc1+ 20.
Re1 Qxe1# 0-1

[Event "Tournoi francophone 006 Groupe C"]
[Site "Skype"]
[Date "????.??.??"]
[Round "2.2"]
[White "Bouffard, Georges"]
[Black "Vincent, Andre"]
[Result "1-0"]
[WhiteElo "1383"]
[BlackElo "1355"]
[PlyCount "97"]

1. d4 Nf6 2. Nd2 d5 3. e3 c6 4. Bd3 e6 5. c3 Be7 6. f4 Qc7 7. Ngf3 Nbd7 8. O-O
h6 9. Qe1 Bd6 10. Ne5 Bxe5 11. fxe5 Nh7 12. Qg3 g5 13. Nf3 f6 14. Bg6+ Kf8 15.
Qh3 Ke7 16. Qxh6 Ndf8 17. Qg7+ Kd8 18. Qxh8 Qe7 19. Bxh7 Kc7 20. exf6 Qxh7 21.
Qxf8 b5 22. Nxg5 Qd7 23. e4 Bb7 24. Bf4+ Kb6 25. Qc5+ Ka5 26. Bd6 Ka6 27. Qa3+
Kb6 28. c4 a5 29. c5+ Ka6 30. exd5 exd5 31. b4 a4 32. Rac1 Rg8 33. h4 Qg4 34.
Rf4 Qe2 35. Rf2 Qg4 36. f7 Rf8 37. Qe3 Rxf7 38. Rxf7 Qxh4 39. Qe7 Qxd4+ 40. Kh2
Qh4+ 41. Kg1 Qd4+ 42. Rf2 Qxb4 43. Rcc2 Qb1+ 44. Kh2 Qb4 45. Qc7 Qh4+ 46. Nh3
Ka7 47. Qb6+ Ka8 48. Qa5+ Ba6 49. Qxa6# 1-0

[Event "Tournoi francophone 006 Groupe C"]
[Site "Skype"]
[Date "????.??.??"]
[Round "2.3"]
[White "Briere, Jean"]
[Black "Maccaferri, Massimo"]
[Result "1-0"]
[WhiteElo "1383"]
[BlackElo "1429"]
[PlyCount "75"]

1. e4 e5 2. Nf3 Nc6 3. d4 d6 4. dxe5 dxe5 5. Qxd8+ Nxd8 6. Nxe5 Bd6 7. Bb5+ Bd7
8. Nxd7 c6 9. Bc4 Kxd7 10. Bxf7 Nxf7 11. Nc3 Nf6 12. Be3 Rae8 13. f3 Bb4 14.
O-O-O+ Kc8 15. Bd4 a5 16. a3 Bxc3 17. Bxc3 a4 18. Bxf6 gxf6 19. Rd4 b5 20. Rhd1
Rhg8 21. g3 Ne5 22. Rd6 Rg6 23. f4 Rg4 24. fxe5 Rxe4 25. Rxc6+ Kb8 26. exf6
R4e6 27. Rxe6 Rxe6 28. Rf1 Re8 29. f7 Rf8 30. h4 Kc8 31. g4 Kd7 32. g5 Ke6 33.
Rf6+ Ke7 34. Kd2 Rxf7 35. Rxf7+ Kxf7 36. h5 Kg7 37. Kc3 Kf7 38. Kb4 1-0

[Event "Tournoi francophone 006 Groupe C"]
[Site "Skype"]
[Date "????.??.??"]
[Round "2.5"]
[White "Malbec, Robert"]
[Black "Porchon, David"]
[Result "0-1"]
[WhiteElo "1458"]
[BlackElo "1385"]
[PlyCount "56"]

1. e4 e6 2. d4 d5 3. Nc3 Bb4 4. e5 c5 5. Qg4 Ne7 6. a3 Qa5 7. Bd2 cxd4 8. Qxd4
Nbc6 9. Bb5 O-O 10. Bxc6 Nxc6 11. Qe3 d4 12. Qe2 dxc3 13. bxc3 Bxc3 14. Rb1 Rd8
15. Nf3 Nd4 16. Nxd4 Rxd4 17. Rd1 Bxd2+ 18. Rxd2 Bd7 19. Qe3 Rxd2 20. Qxd2
Qxe5+ 21. Kd1 Rd8 22. Re1 Qa1+ 23. Ke2 Qe5+ 24. Kd1 Qf6 25. Re3 Qa1+ 26. Ke2
Bb5+ 27. Rd3 Bxd3+ 28. cxd3 Qxa3 0-1

[Event "Tournoi francophone 006 Groupe C"]
[Site "Skype"]
[Date "????.??.??"]
[Round "3.1"]
[White "Porchon, David"]
[Black "Tamditi, Ibrahim"]
[Result "1-0"]
[WhiteElo "1385"]
[BlackElo "1434"]
[PlyCount "31"]

1. d4 Nf6 2. Bf4 g6 3. Nc3 Bg7 4. e4 d6 5. Qd2 O-O 6. Bh6 Re8 7. Bxg7 Kxg7 8.
O-O-O b6 9. h4 Be6 10. h5 Nxh5 11. Be2 Nf6 12. Qh6+ Kh8 13. e5 Nh5 14. Bxh5
gxh5 15. Qxh5 Qd7 16. Qxh7# 1-0

[Event "Tournoi francophone 006 Groupe C"]
[Site "Skype"]
[Date "????.??.??"]
[Round "3.2"]
[White "Duthoit, Bernard"]
[Black "Malbec, Robert"]
[Result "0-1"]
[WhiteElo "1466"]
[BlackElo "1458"]
[PlyCount "92"]

1. e4 e5 2. Nf3 Nc6 3. d4 exd4 4. Nxd4 Nxd4 5. Qxd4 c5 6. Qe5+ Qe7 7. Qxe7+
Bxe7 8. Nc3 d6 9. Nd5 Rb8 10. Bb5+ Bd7 11. Bxd7+ Kxd7 12. O-O Re8 13. b3 Bf6
14. Nxf6+ Nxf6 15. f3 d5 16. Rd1 Kc6 17. exd5+ Nxd5 18. Bb2 f6 19. c4 Ne3 20.
Rd3 Nxg2 21. Bxf6 gxf6 22. Kxg2 Re2+ 23. Kg3 Rg8+ 24. Kf4 Rxh2 25. Re3 Rd8 26.
Re6+ Rd6 27. Rxd6+ Kxd6 28. Rd1+ Ke6 29. Re1+ Kf7 30. a4 Rb2 31. Re3 b6 32. Kf5
Rh2 33. Ke4 Rh5 34. f4 Rh4 35. Rd3 Ke6 36. b4 f5+ 37. Ke3 Rh3+ 38. Ke2 Rxd3 39.
Kxd3 cxb4 40. Kc2 h5 41. Kb3 h4 42. Kxb4 h3 43. Kb5 h2 44. Ka6 h1=Q 45. Kxa7
Qg1 46. Ka6 Qd4 0-1

[Event "Tournoi francophone 006 Groupe C"]
[Site "Skype"]
[Date "????.??.??"]
[Round "3.3"]
[White "Maccaferri, Massimo"]
[Black "Le Brun, Yves"]
[Result "0-1"]
[WhiteElo "1429"]
[BlackElo "1408"]
[PlyCount "66"]

1. e4 e5 2. Bc4 Nf6 3. Nc3 a6 4. h3 Bc5 5. Nd5 c6 6. Nxf6+ Qxf6 7. Nf3 d6 8. c3
h6 9. d4 exd4 10. cxd4 Bb4+ 11. Bd2 Bxd2+ 12. Qxd2 O-O 13. Qb4 Nd7 14. O-O c5
15. dxc5 dxc5 16. Qb3 b5 17. Bd5 Ra7 18. Rae1 Ne5 19. Nxe5 Qxe5 20. f4 Qd4+ 21.
Kh1 c4 22. Qg3 Kh7 23. f5 Re8 24. Bxf7 Rxf7 25. Qg6+ Kg8 26. f6 Be6 27. fxg7
Qxg7 28. Qh5 Ref8 29. Rxf7 Bxf7 30. Qf5 Qxb2 31. Rg1 Qg7 32. e5 Bd5 33. e6 Rxf5
0-1

[Event "Tournoi francophone 006 Groupe C"]
[Site "Skype"]
[Date "????.??.??"]
[Round "3.4"]
[White "Vincent, Andre"]
[Black "Briere, Jean"]
[Result "1-0"]
[WhiteElo "1355"]
[BlackElo "1383"]
[PlyCount "125"]

1. Nf3 d5 2. d4 Nc6 3. Bf4 Nf6 4. Nbd2 e6 5. c3 Bd6 6. Bxd6 Qxd6 7. g3 e5 8.
dxe5 Nxe5 9. Nxe5 Qxe5 10. Nf3 Qe7 11. Bg2 O-O 12. O-O Re8 13. Re1 c6 14. e3
Bg4 15. Qd4 c5 16. Qd1 Rad8 17. h3 Bxf3 18. Bxf3 Ne4 19. Kh2 Nxf2 20. Qe2 Ne4
21. Bxe4 Qxe4 22. Rad1 d4 23. cxd4 cxd4 24. Qg2 Qxg2+ 25. Kxg2 d3 26. Rd2 f5
27. Kf3 Re4 28. Red1 g5 29. Rxd3 Rxd3 30. Rxd3 h5 31. Rd4 Rxd4 32. exd4 Kf7 33.
h4 gxh4 34. gxh4 Ke6 35. Kf4 a5 36. a4 b6 37. b3 Kd5 38. Kxf5 Kxd4 39. Kg5 Kc3
40. Kxh5 Kxb3 41. Kg5 Kxa4 42. h5 b5 43. h6 b4 44. h7 b3 45. h8=Q Kb4 46. Qd4+
Ka3 47. Qa1+ Kb4 48. Kf4 a4 49. Ke3 a3 50. Kd2 b2 51. Qa2 b1=Q 52. Qxb1+ Kc4
53. Kc2 Kd4 54. Qb4+ Kd5 55. Qxa3 Kd4 56. Qc3+ Ke4 57. Qd3+ Ke5 58. Kc3 Ke6 59.
Kc4 Ke5 60. Qd4+ Ke6 61. Qd5+ Kf6 62. Kc5 Kg6 63. Kd6 1-0

[Event "Tournoi francophone 006 Groupe C"]
[Site "Skype"]
[Date "????.??.??"]
[Round "3.5"]
[White "Martin, Jean-Claude"]
[Black "Bouffard, Georges"]
[Result "1-0"]
[WhiteElo "1474"]
[BlackElo "1383"]
[PlyCount "78"]

1. d4 d5 2. c4 c6 3. Nf3 Nd7 4. cxd5 cxd5 5. Bf4 f6 6. Qc2 g6 7. Bc7 Nc5 8.
Bxd8 Kxd8 9. Qxc5 e6 10. Qxc8+ Rxc8 11. Nc3 Bb4 12. Rc1 Ne7 13. a3 Ba5 14. b4
Bb6 15. e3 Nf5 16. Bd3 Nd6 17. O-O a6 18. Na4 Ba7 19. Rxc8+ Nxc8 20. Rc1 Nb6
21. Nc5 Kc8 22. Nxe6+ Kb8 23. Nf4 Rg8 24. Rc5 g5 25. Nxd5 Rc8 26. Rxc8+ Nxc8
27. Nxf6 Bb6 28. Nd7+ Kc7 29. Nxb6 Nxb6 30. Bxh7 Nd5 31. Nxg5 Nc3 32. Bd3 Kd6
33. h4 Ke7 34. g4 Kf6 35. Ne4+ Nxe4 36. Bxe4 b5 37. f4 a5 38. bxa5 b4 39. axb4
Kf7 1-0

[Event "Tournoi francophone 006 Groupe C"]
[Site "Skype"]
[Date "????.??.??"]
[Round "4.1"]
[White "Tamditi, Ibrahim"]
[Black "Bouffard, Georges"]
[Result "1-0"]
[WhiteElo "1434"]
[BlackElo "1314"]
[PlyCount "113"]

1. e4 e5 2. Bc4 Ne7 3. Qh5 g6 4. Qxe5 Rg8 5. Nc3 d6 6. Qf6 Rg7 7. d4 Nd7 8. Qh4
h5 9. Bg5 f6 10. Bxf6 Rh7 11. Nd5 c6 12. Bxe7 Bxe7 13. Nxe7 Qxe7 14. Qxe7+ Rxe7
15. f3 Nf8 16. O-O-O Be6 17. d5 cxd5 18. exd5 Bd7 19. Ne2 b5 20. Bd3 a6 21.
Bxg6+ Nxg6 22. Rd2 O-O-O 23. Nd4 Nf4 24. g3 Ng6 25. g4 hxg4 26. fxg4 Ne5 27. h3
Nc4 28. Rd3 Re3 29. Rhd1 Re4 30. Rc3 Re3 31. Rdd3 Rh8 32. b3 Rxd3 33. cxd3 Rxh3
34. bxc4 Rh1+ 35. Kc2 b4 36. Rb3 a5 37. Nb5 Rh2+ 38. Kb1 Bxg4 39. Nxd6+ Kd7 40.
Nb7 Bd1 41. Rb2 Rxb2+ 42. Kxb2 a4 43. Kc1 Bf3 44. Nc5+ Kd6 45. Nxa4 Ke5 46. Kb2
Kd4 47. Kc2 Bg2 48. Nb2 Ke5 49. Kb3 Kd4 50. Kxb4 Bh3 51. a4 Bc8 52. a5 Ba6 53.
d6 Bc8 54. a6 Ke5 55. a7 Bb7 56. d7 Bc6 57. d8=Q 1-0

[Event "Tournoi francophone 006 Groupe C"]
[Site "Skype"]
[Date "????.??.??"]
[Round "4.2"]
[White "Briere, Jean"]
[Black "Martin, Jean-Claude"]
[Result "0-1"]
[WhiteElo "1370"]
[BlackElo "1402"]
[PlyCount "84"]

1. e4 d5 2. exd5 Qxd5 3. Nc3 Qa5 4. d4 Nf6 5. Bd3 c6 6. Nf3 Bg4 7. O-O Bxf3 8.
Qxf3 Qb6 9. d5 cxd5 10. Nxd5 Nxd5 11. Qxd5 a6 12. b3 e6 13. Re1 Bc5 14. Qf3 O-O
15. Be3 Bxe3 16. Rxe3 Nc6 17. Be4 Nd4 18. Qh3 f5 19. Bd3 Rac8 20. Rc1 Qa5 21.
Bc4 Qd2 22. Ree1 Rxc4 23. bxc4 Ne2+ 24. Kf1 Nxc1 25. Qa3 Qxc2 26. Rxc1 Qe4 27.
f3 Qd4 28. Qb3 Qd7 29. Rd1 Qc7 30. g3 Rc8 31. c5 Kf7 32. Rd6 Re8 33. a4 Qxc5
34. Rd7+ Re7 35. Rxe7+ Qxe7 36. f4 Kf6 37. Qc3+ e5 38. fxe5+ Qxe5 39. Qf3 Qa1+
40. Kg2 Qxa4 41. Qxb7 Qe4+ 42. Qxe4 fxe4 0-1

[Event "Tournoi francophone 006 Groupe C"]
[Site "Skype"]
[Date "????.??.??"]
[Round "4.3"]
[White "Le Brun, Yves"]
[Black "Vincent, Andre"]
[Result "0-1"]
[WhiteElo "1445"]
[BlackElo "1274"]
[PlyCount "58"]

1. e4 e5 2. Nf3 Nc6 3. d4 d6 4. Bg5 Be7 5. Bxe7 Qxe7 6. d5 Nd8 7. Nc3 Nf6 8.
Bd3 a6 9. h3 O-O 10. Nh2 Bd7 11. Ng4 c6 12. Qf3 b5 13. Nxf6+ Qxf6 14. Qxf6 gxf6
15. O-O c5 16. Be2 b4 17. Nd1 Nb7 18. Ne3 Bb5 19. Bxb5 axb5 20. a3 Ra5 21. axb4
cxb4 22. Rxa5 Nxa5 23. b3 Rc8 24. Ra1 Nb7 25. Ra6 Rc5 26. Rb6 Na5 27. Rxd6 Kg7
28. Rb6 Kg6 29. Rxb5 Rxb5 0-1

[Event "Tournoi francophone 006 Groupe C"]
[Site "Skype"]
[Date "????.??.??"]
[Round "4.4"]
[White "Malbec, Robert"]
[Black "Maccaferri, Massimo"]
[Result "1-0"]
[WhiteElo "1449"]
[BlackElo "1397"]
[PlyCount "47"]

1. e4 e5 2. Nf3 Nc6 3. Bc4 Nd4 4. c3 b5 5. Bxf7+ Kxf7 6. Nxe5+ Ke8 7. Qh5+ g6
8. Nxg6 Nc2+ 9. Kd1 Nxa1 10. Nxh8+ Ke7 11. d4 Nf6 12. Qf7+ Kd6 13. e5+ Kc6 14.
exf6 d5 15. Re1 Bd6 16. h3 Qxh8 17. Re8 Be6 18. Rxe6 Rf8 19. Qg7 h5 20. Bf4 Rg8
21. Qxh8 Rxh8 22. Nd2 Kd7 23. Re3 Rh6 24. Bxh6 1-0

[Event "Tournoi francophone 006 Groupe C"]
[Site "Skype"]
[Date "????.??.??"]
[Round "4.5"]
[White "Porchon, David"]
[Black "Duthoit, Bernard"]
[Result "1-0"]
[WhiteElo "1385"]
[BlackElo "1468"]
[PlyCount "25"]

1. d4 e5 2. dxe5 Nc6 3. Nf3 Qe7 4. Bf4 Qb4+ 5. Nc3 Qxf4 6. Nd5 Nxe5 7. Nxf4
Nxf3+ 8. exf3 Nf6 9. Bc4 d6 10. Nd5 Nxd5 11. Qxd5 Be6 12. Qxb7 Rc8 13. Bxe6 1-0

[Event "Tournoi francophone 006 Groupe C"]
[Site "Skype"]
[Date "????.??.??"]
[Round "5.1"]
[White "Duthoit, Bernard"]
[Black "Tamditi, Ibrahim"]
[Result "1-0"]
[WhiteElo "1468"]
[BlackElo "1434"]
[PlyCount "55"]

1. e4 e5 2. Nf3 Nc6 3. d4 d5 4. dxe5 dxe4 5. Qxd8+ Kxd8 6. Nfd2 e3 7. Nc4 exf2+
8. Kxf2 Be6 9. Bf4 Bc5+ 10. Be3 Bxc4 11. Bxc4 Bxe3+ 12. Kxe3 Nxe5 13. Nd2 Nf6
14. Kf4 Ng6+ 15. Kg3 Ne5 16. Rad1 Ke7 17. Rhe1 Nfd7 18. Nf3 f6 19. Nxe5 fxe5
20. Rf1 Rhf8 21. Rxf8 Rxf8 22. Rf1 Rxf1 23. Bxf1 Nc5 24. Bc4 Kf6 25. Kf3 Kf5
26. g4+ Kg5 27. b4 Ne6 28. Bxe6 1-0

[Event "Tournoi francophone 006 Groupe C"]
[Site "Skype"]
[Date "????.??.??"]
[Round "5.2"]
[White "Maccaferri, Massimo"]
[Black "Porchon, David"]
[Result "0-1"]
[WhiteElo "1397"]
[BlackElo "1385"]
[PlyCount "24"]

1. e4 e6 2. d4 d5 3. exd5 exd5 4. Nc3 Bb4 5. Nf3 Nf6 6. Qd3 O-O 7. h4 Ne4 8.
Ng5 Bf5 9. f3 Ng3 10. Qb5 Qe7+ 11. Be2 c6 12. Qa4 Qxe2# 0-1

[Event "Tournoi francophone 006 Groupe C"]
[Site "Skype"]
[Date "????.??.??"]
[Round "5.3"]
[White "Vincent, Andre"]
[Black "Malbec, Robert"]
[Result "0-1"]
[WhiteElo "1274"]
[BlackElo "1449"]
[PlyCount "98"]

1. Nf3 Nc6 2. g3 e5 3. d3 Nf6 4. Bg2 d5 5. c3 Be6 6. Be3 Be7 7. O-O h6 8. Nbd2
Qc8 9. Rc1 Bh3 10. d4 Bxg2 11. Kxg2 e4 12. Ne5 Nxe5 13. dxe5 Ng4 14. h3 Nxe5
15. f4 exf3+ 16. exf3 Qe6 17. Qa4+ c6 18. Qd4 Bf6 19. Nb3 b6 20. Qd2 O-O 21.
Nd4 Qd7 22. b3 c5 23. Ne2 Rad8 24. Nf4 d4 25. cxd4 cxd4 26. Bg1 Bg5 27. Qe2
Rfe8 28. Qb2 Ng6 29. Rcd1 Bxf4 30. Bxd4 Qc7 31. Bxg7 Bxg3 32. Bxh6 Be5 33. Qf2
Bf4 34. Bxf4 Nxf4+ 35. Kh1 Qe5 36. Qg3+ Ng6 37. Qxe5 Nxe5 38. Rg1+ Kf8 39. Rxd8
Rxd8 40. f4 Nf3 41. Kg2 Nh4+ 42. Kg3 Ng6 43. h4 Nh8 44. h5 f6 45. f5 Rd7 46.
Kh4 Rd4+ 47. Rg4 Rd5 48. Rf4 Nf7 49. a3 Kg7 0-1

[Event "Tournoi francophone 006 Groupe C"]
[Site "Skype"]
[Date "????.??.??"]
[Round "5.4"]
[White "Martin, Jean-Claude"]
[Black "Le Brun, Yves"]
[Result "0-1"]
[WhiteElo "1402"]
[BlackElo "1445"]
[PlyCount "78"]

1. d4 g6 2. c4 Bg7 3. Nc3 Nf6 4. e4 d6 5. e5 dxe5 6. dxe5 Qxd1+ 7. Nxd1 Ne4 8.
Bd3 Nc5 9. Kd2 Bxe5 10. Nf3 Bf4+ 11. Ne3 O-O 12. g3 Bxe3+ 13. Kxe3 Rd8 14. Be4
Nxe4 15. Kxe4 Bf5+ 16. Kf4 Nc6 17. g4 Bc2 18. Be3 f6 19. Rac1 g5+ 20. Kg3 Be4
21. Rhd1 b6 22. Nd4 Nxd4 23. Rxd4 Rxd4 24. Bxd4 Rd8 25. Rd1 e5 26. f3 Bb7 27.
f4 exd4 28. fxg5 fxg5 29. Kf2 c5 30. Rd2 Rf8+ 31. Ke1 Be4 32. b4 Rf4 33. h3 d3
34. Rf2 cxb4 35. Rxf4 gxf4 36. Kd2 a5 37. h4 h6 38. g5 hxg5 39. hxg5 Kg7 0-1

[Event "Tournoi francophone 006 Groupe C"]
[Site "Skype"]
[Date "????.??.??"]
[Round "5.5"]
[White "Bouffard, Georges"]
[Black "Briere, Jean"]
[Result "0-1"]
[WhiteElo "1314"]
[BlackElo "1370"]
[PlyCount "142"]

1. e4 e5 2. Nf3 Nc6 3. Bc4 Bc5 4. d3 d6 5. Be3 Bb6 6. O-O Nf6 7. c3 O-O 8. d4
Nxe4 9. d5 Ne7 10. Bb5 c6 11. Bd3 Nc5 12. Bc4 Nxd5 13. Bxd5 cxd5 14. Qxd5 Be6
15. Qd2 Bc4 16. Re1 Ne4 17. Qc2 Nf6 18. b3 Bd5 19. Nbd2 Bxe3 20. fxe3 e4 21.
Nd4 Bc6 22. a4 d5 23. Re2 Bd7 24. h3 Nh5 25. Nf1 Qg5 26. Qd2 Bxh3 27. Rf2 Bd7
28. Ne2 Be6 29. Rb1 Rac8 30. g3 f5 31. Nf4 Nxf4 32. Rxf4 Rfd8 33. Qd4 h5 34.
Kg2 Qf6 35. Qxf6 gxf6 36. g4 hxg4 37. Ng3 Rxc3 38. Nf1 Kg7 39. Kg3 Rh8 40. Rf2
Rh3+ 41. Kf4 Rh4 42. Kg3 Rh5 43. b4 d4 44. Re1 dxe3 45. Nxe3 Kg6 46. Kf4 Rh4
47. Rg2 b6 48. Rd2 Bc4 49. Nxf5 Rf3+ 50. Kxe4 Rxf5 51. Kd4 Rd5+ 52. Kxc4 Rxd2
53. Re4 f5 54. Re6+ Kg5 55. Re8 g3+ 56. Kb5 g2 57. Rg8+ Kf6 58. Ka6 Rh7 59. a5
bxa5 60. Kxa5 f4 61. Rg4 Kf5 62. Rg8 f3 63. Rf8+ Ke4 64. Re8+ Kf4 65. Rf8+ Kg3
66. Rg8+ Kf2 67. Ka6 g1=Q 68. Rxg1 Kxg1 69. b5 f2 70. b6 f1=Q+ 71. Ka5 Ra2+ 0-1

[Event "Tournoi francophone 006 Groupe C"]
[Site "Skype"]
[Date "????.??.??"]
[Round "6.2"]
[White "Le Brun, Yves"]
[Black "Bouffard, Georges"]
[Result "1-0"]
[WhiteElo "1445"]
[BlackElo "1314"]
[PlyCount "71"]

1. e4 c5 2. Nc3 e6 3. d3 Bd6 4. Nf3 Ne7 5. Be2 Ng6 6. Bg5 Be7 7. Bxe7 Qxe7 8.
Nb5 d6 9. d4 a6 10. Nc3 Nd7 11. dxc5 Nxc5 12. b4 Nd7 13. O-O O-O 14. Qd2 Nde5
15. Rad1 Rd8 16. Nxe5 Nxe5 17. f4 Nc6 18. a3 b6 19. Rf3 Ra7 20. Bd3 Nd4 21. Rg3
f5 22. Qe3 e5 23. Nd5 Qb7 24. c4 Nc2 25. Bxc2 exf4 26. Qxf4 Be6 27. Nf6+ Kh8
28. exf5 Bxc4 29. Nxh7 g5 30. Qxc4 d5 31. Qd4+ Kxh7 32. Rxg5 Qc6 33. Qh4+ Qh6
34. f6+ Kh8 35. Qxh6+ Rh7 36. Qxh7# 1-0

[Event "Tournoi francophone 006 Groupe C"]
[Site "Skype"]
[Date "????.??.??"]
[Round "6.3"]
[White "Malbec, Robert"]
[Black "Martin, Jean-Claude"]
[Result "0-1"]
[WhiteElo "1449"]
[BlackElo "1402"]
[PlyCount "38"]

1. e4 d5 2. exd5 Qxd5 3. Nc3 Qa5 4. d4 Nf6 5. Nf3 Bg4 6. Be2 Nc6 7. Qd3 O-O-O
8. Be3 Nb4 9. Qd2 c5 10. a3 Nc6 11. O-O Bxf3 12. Bxf3 Nxd4 13. Bxd4 cxd4 14. b4
Qe5 15. Na4 Ne4 16. Qd3 Nc3 17. Qc4+ Qc7 18. Nc5 e5 19. Qxf7 Qxf7 0-1

[Event "Tournoi francophone 006 Groupe C"]
[Site "Skype"]
[Date "????.??.??"]
[Round "6.5"]
[White "Duthoit, Bernard"]
[Black "Maccaferri, Massimo"]
[Result "1-0"]
[WhiteElo "1468"]
[BlackElo "1397"]
[PlyCount "29"]

1. e4 e5 2. d4 exd4 3. c3 dxc3 4. Bc4 cxb2 5. Bxb2 Qe7 6. Nc3 Nf6 7. Qc2 Nc6 8.
Nf3 h6 9. O-O d6 10. Nd5 Nxd5 11. exd5 Nb4 12. Qa4+ Nc6 13. Rfe1 Be6 14. dxc6
bxc6 15. Qxc6+ 1-0

[Event "Tournoi francophone 006 Groupe C"]
[Site "Skype"]
[Date "????.??.??"]
[Round "7.1"]
[White "Maccaferri, Massimo"]
[Black "Tamditi, Ibrahim"]
[Result "0-1"]
[WhiteElo "1397"]
[BlackElo "1434"]
[PlyCount "42"]

1. e4 g6 2. Nf3 Bg7 3. Bc4 e6 4. d4 Ne7 5. d5 O-O 6. Nc3 Bxc3+ 7. bxc3 c6 8.
Bh6 Re8 9. Qd4 e5 10. Qxe5 Nf5 11. exf5 Rxe5+ 12. Nxe5 Qe7 13. f4 d6 14. dxc6
Nxc6 15. O-O-O dxe5 16. Bg5 Qc5 17. Rd5 Qxc4 18. Rxe5 Nxe5 19. Rd1 Bxf5 20. Bf6
Qxa2 21. fxe5 Qxc2# 0-1

[Event "Tournoi francophone 006 Groupe C"]
[Site "Skype"]
[Date "????.??.??"]
[Round "7.2"]
[White "Vincent, Andre"]
[Black "Duthoit, Bernard"]
[Result "0-1"]
[WhiteElo "1274"]
[BlackElo "1468"]
[PlyCount "102"]

1. Nf3 Nf6 2. g3 b6 3. Bg2 Bb7 4. c4 c5 5. Nc3 d5 6. e3 e6 7. O-O Nbd7 8. Qb3
dxc4 9. Qxc4 a6 10. Qe2 b5 11. a3 a5 12. Qxb5 Ba6 13. Qa4 Bxf1 14. Kxf1 Be7 15.
Ne5 Ra6 16. Bc6 Ra7 17. Nb5 Ra6 18. b3 O-O 19. Nxd7 Nxd7 20. Nc3 Bf6 21. Bxd7
Bxc3 22. dxc3 Rd6 23. Bb5 Rd1+ 24. Kg2 Qd5+ 25. f3 Rxc1 26. Ra2 Rxc3 27. Bc4
Qd1 28. Qxa5 Rxe3 29. Rf2 Qd4 30. Qd2 Qxd2 31. Rxd2 g5 32. Kf2 Re5 33. g4 f5
34. h3 fxg4 35. hxg4 Kf7 36. Re2 Rxe2+ 37. Kxe2 Kf6 38. Ke3 Kg6 39. Ke4 h5 40.
gxh5+ Kxh5 41. Bxe6 g4 42. Bxg4+ Kg6 43. Bd7 Kf6 44. f4 Rd8 45. Bb5 Rd4+ 46.
Ke3 Kf5 47. Bd3+ Kf6 48. Bc4 Rd6 49. a4 Rd8 50. Ke4 Rd4+ 51. Ke3 Rd7 0-1

[Event "Tournoi francophone 006 Groupe C"]
[Site "Skype"]
[Date "????.??.??"]
[Round "7.3"]
[White "Martin, Jean-Claude"]
[Black "Porchon, David"]
[Result "0-1"]
[WhiteElo "1402"]
[BlackElo "1385"]
[PlyCount "64"]

1. d4 e6 2. c4 f5 3. g3 Nf6 4. Bg2 Be7 5. Nf3 d6 6. O-O O-O 7. Nc3 a5 8. b3 Qe8
9. Bb2 Bd8 10. e3 e5 11. dxe5 dxe5 12. Nd5 c6 13. Nxf6+ Bxf6 14. Rb1 e4 15. Nd4
Na6 16. Ba3 Nb4 17. Bxb4 axb4 18. Qd2 Be7 19. Rfe1 Rf6 20. Bh3 Rh6 21. Bxf5 Qh5
22. f3 Bxf5 23. Nxf5 Qxf5 24. f4 Rd8 25. Qe2 Rd3 26. g4 Qd7 27. Rbd1 Bc5 28.
Rxd3 exd3 29. Qg2 d2 30. Rd1 Bxe3+ 31. Kh1 Bxf4 32. h3 Qd3 0-1